000 00702nam a22002057a 4500
005 20251108165802.0
008 250721s1978 xx 000 0 ara d
082 1 4 _aم/417.563003/جلا
100 1 _aالبغدادي، جلال الحنفي
245 1 0 _aمعجم اللغة العامية البغدادية : معجم لهجي فولكوري /
264 1 _aبغداد :
_bوزارة الثقافة والفنون،
_c1978.
300 _aج
490 0 _aالمعاجم والفهارس ؛ 17
650 1 7 _aاللغة العربية
650 1 7 _aلهجات
650 1 7 _aالقواميس
650 1 7 _aاللهجة العامية العراقية
942 _2ddc
_cREF
999 _c31267
_d31267